000 00737nam a2200217Ii 4500
003 JO-AjNU
008 230605s9999||||xx |||||||||||||| ||und||
017 _a2006/3/652
040 _aJO-AjNU
_bara
_erda
_cJO-AjNU
041 _aara
050 1 4 _aPJ6123.Z39 2006
100 3 _aتأليف زايد، فهد خليل؛ م.مشارك فاطمة السعدي,
_eauthor
_922316
245 0 0 _aفن الكتابة والتعبير
250 _aط1
264 3 1 _aعمان: المعد،2006
300 _a266ص
336 _atext
_btxt
_2rdacontent
337 _aunmediated
_bn
_2rdamedia
338 _avolume
_bnc
_2rdacarrier
650 4 _aالكاتبة-الحروف-اللغة العربية-الخط-الأسلوب الادبي
_922317
999 _aA7899
_c11467
_d11467